Masses, classes, ideas : studies on politics and philosophy before and after Marx /
Shranjeno v:
| Glavni avtor: | |
|---|---|
| Format: | Knjiga |
| Jezik: | English French |
| Izdano: |
New York :
Routledge,
1994.
|
| Teme: | |
| Online dostop: | http://www.loc.gov/catdir/enhancements/fy0646/93019168-d.html |
| Oznake: |
Označite
Brez oznak, prvi označite!
|
MARC
| LEADER | 00000cam a2200000 a 4500 | ||
|---|---|---|---|
| 001 | 634477 | ||
| 005 | 20140924022647.0 | ||
| 008 | 930319s1994 nyu b 001 0 eng | ||
| 020 | |a 0415906016 (hardcover) | ||
| 020 | |a 0415906024 (pbk.) | ||
| 040 | |a DLC |c DLC |d DLC |d CIICLA | ||
| 041 | 1 | |a eng |h fre | |
| 082 | 0 | 0 | |a 320.01 |2 20 |b B186m |
| 100 | 1 | |a Balibar, Etienne, |d 1942- | |
| 240 | 1 | 0 | |a Essays. |
| 245 | 1 | 0 | |a Masses, classes, ideas : |b studies on politics and philosophy before and after Marx / |c Etienne Balibar ; translated by James Swenson. |
| 260 | |a New York : |b Routledge, |c 1994. | ||
| 300 | |a xxiii, 250 páginas | ||
| 504 | |a Incluye referencias bibliográficas (páginas. [227]-245) e índice. | ||
| 650 | 1 | 4 | |a CIENCIA POLITICA |x FILOSOFIA |
| 650 | 1 | 4 | |a FILOSOFIA MARXISTA |
| 650 | 1 | 4 | |a IDEOLOGIA |
| 856 | 4 | 2 | |u http://www.loc.gov/catdir/enhancements/fy0646/93019168-d.html |
| 942 | |2 ddc |c BK | ||
| 999 | |c 3499 |d 3499 | ||



